000 00295nam a22001337a 4500
008 171002b xxu||||| |||| 00| 0 eng d
020 _a9780205899197
041 _aeng
080 _a37
100 _a47
101 _aEDU
245 _aSOCIETY THE CASICS
_cMACIONIS.J.J
942 _2udc
_cBK
999 _c31151
_d31151